000 00413nam a2200181Ia 4500
001 351
005 20260306140511.0
008 260306t2011||||xx |||||||||||||| ||spa||
041 _aESP
082 _a101
_bR84
100 _aRosmini, Antonio
_eAUT
245 0 _aIntroducción a la filosofía
260 _c2011
300 _axliii, 461 p
_c20 cm.
650 _aGEN
654 _aCHU
942 _cLIB
_dJUS
_fJUS
_2ddc
_n
999 _c351
_d351